علم بيولوجيا الإنسان : التناسل ؛ الوراثة ؛ الشيخوخة ؛ السرطان : (رقم التسجيلة. 35143)
[ عرض عادي ]
| 000 -LEADER | |
|---|---|
| fixed length control field | 00811nam a22002417a 4500 |
| 005 - DATE AND TIME OF LATEST TRANSACTION | |
| control field | 20251108165929.0 |
| 008 - FIXED-LENGTH DATA ELEMENTS--GENERAL INFORMATION | |
| fixed length control field | 250721s2002 xx 000 0 ara d |
| 082 14 - DEWEY DECIMAL CLASSIFICATION NUMBER | |
| Classification number | 574/يوس |
| 100 1# - MAIN ENTRY--PERSONAL NAME | |
| Personal name | يوسف، وليد |
| 245 10 - TITLE STATEMENT | |
| Title | علم بيولوجيا الإنسان : التناسل ؛ الوراثة ؛ الشيخوخة ؛ السرطان : |
| Remainder of title | التناسل , الوراثة , الشيخوخة , السرطان / |
| 264 1# - PRODUCTION, PUBLICATION, DISTRIBUTION, MANUFACTURE, AND COPYRIGHT NOTICE | |
| Place of production, publication, distribution, manufacture | عمان : |
| Name of producer, publisher, distributor, manufacturer | الأهلية، |
| Date of production, publication, distribution, manufacture, or copyright notice | 2002. |
| 300 ## - PHYSICAL DESCRIPTION | |
| Extent | 324ص. |
| 490 0# - SERIES STATEMENT | |
| Series statement | العغلوم البيولوجية |
| 650 17 - SUBJECT ADDED ENTRY--TOPICAL TERM | |
| Topical term or geographic name as entry element | التناسل |
| 650 17 - SUBJECT ADDED ENTRY--TOPICAL TERM | |
| Topical term or geographic name as entry element | التطور |
| 650 17 - SUBJECT ADDED ENTRY--TOPICAL TERM | |
| Topical term or geographic name as entry element | النشوء |
| 650 17 - SUBJECT ADDED ENTRY--TOPICAL TERM | |
| Topical term or geographic name as entry element | الوراثة |
| 650 17 - SUBJECT ADDED ENTRY--TOPICAL TERM | |
| Topical term or geographic name as entry element | السرطان |
| 700 1# - ADDED ENTRY--PERSONAL NAME | |
| Personal name | البطانية، حميد |
| 700 1# - ADDED ENTRY--PERSONAL NAME | |
| Personal name | الحمود، محمد |
| 942 ## - ADDED ENTRY ELEMENTS (KOHA) | |
| Source of classification or shelving scheme | Dewey Decimal Classification |
| Koha item type | كتب |
| حالة السحب | حالة الفقدان | مصدر التصنيف | حالة التلف | غير قابل للإعارة | المكتبة الرئيسية | المكتبة الحالية | موقع الرف | تاريخ التزويد | الرقم المتسلسل | Total Checkouts | رقم الإستدعاء | الباركود | تاريخ آخر ظهور | تاريخ الفاتورة | نوع المادة (كوها) |
|---|---|---|---|---|---|---|---|---|---|---|---|---|---|---|---|
| Dewey Decimal Classification | المكتبة المركزية | المكتبة المركزية | الإعارة | 06/07/2004 | 502273 | 574/يوس | 502273 | 28/07/2025 | 06/07/2004 | كتب | |||||
| Dewey Decimal Classification | المكتبة المركزية | المكتبة المركزية | الإعارة | 06/07/2004 | 502272 | 574/يوس | 502272 | 28/07/2025 | 06/07/2004 | كتب | |||||
| Dewey Decimal Classification | مكتبة أم قصير والمقابلين العامة | مكتبة أم قصير والمقابلين العامة | الإعارة | 11/09/2014 | 502289 | 574/يوس | PLD00343621 | 28/07/2025 | 11/09/2014 | كتب | |||||
| Dewey Decimal Classification | مكتبة النصر العامة | مكتبة النصر العامة | الإعارة | 12/04/2015 | 502292 | 574/يوس | PLD00383454 | 28/07/2025 | 12/04/2015 | كتب | |||||
| Dewey Decimal Classification | مكتبة حمزة العامة | مكتبة حمزة العامة | الإعارة | 18/05/2015 | 502287 | 574/يوس | PLD00324851 | 28/07/2025 | 18/05/2015 | كتب | |||||
| Dewey Decimal Classification | مكتبة صويلح العامة | مكتبة صويلح العامة | الإعارة | 01/06/2019 | 501888 | 574/يوس | PLD00453663 | 28/07/2025 | 01/06/2019 | كتب |